Výmena informácií podľa Dohody o technických prekážkach obchodu Svetovej obchodnej organizácie

Svetová obchodná organizácia (WTO) - jediná medzinárodná organizácia zaoberajúca sa globálnymi pravidlami medzinárodného obchodu. Dohoda o technických prekážkach obchodu (TBT WTO) - multilaterálna dohoda záväzná pre všetky členské krajiny WTO. Nástroj harmonizácie na medzinárodnej úrovni. Ciele tejt...

Descrizione completa

Salvato in:
Dettagli Bibliografici
Autore principale: Kováčová, Agneša
Natura: Capitolo di libro
Lingua:slovacco
Soggetti:
Tags: Aggiungi Tag
Nessun Tag, puoi essere il primo ad aggiungerne!!

MARC

LEADER 00000naa$a2200000$$$4500
001 0086439
005 20230511072509.5
041 0 |a slo 
044 |a SK 
245 1 0 |a Výmena informácií podľa Dohody o technických prekážkach obchodu Svetovej obchodnej organizácie  |c Agneša Kováčová 
520 |a Svetová obchodná organizácia (WTO) - jediná medzinárodná organizácia zaoberajúca sa globálnymi pravidlami medzinárodného obchodu. Dohoda o technických prekážkach obchodu (TBT WTO) - multilaterálna dohoda záväzná pre všetky členské krajiny WTO. Nástroj harmonizácie na medzinárodnej úrovni. Ciele tejto dohody. Zriadenie Informačného strediska WTO na ÚNMS SR. Úloha Informačného strediska WTO. 
610 2 0 |a obchod 
610 2 0 |a organizácie medzinárodné 
610 2 0 |a dohody medzinárodné 
610 2 0 |a spolupráca medzinárodná 
610 2 0 |a normalizácia 
610 2 0 |a strediská informačné 
610 2 0 |a Slovensko 
100 1 |a Kováčová, Agneša